| 000 | 01354naa a22003377a 4500 | ||
|---|---|---|---|
| 001 | BR8303777 | ||
| 003 | BR-BrBNA | ||
| 005 | 20240918175311.0 | ||
| 007 | ta | ||
| 008 | 230509b bl.||||| |||| 00| 0 por d | ||
| 040 |
_aBR-BrBNA _bpor _cBiblioteca Nacional de Agricultura |
||
| 041 | _a(Pt) | ||
| 072 |
_aH10 _b0336 _b4020 _b3930 |
||
| 090 | _aH10 BR8303777 | ||
| 100 | 1 | _aSilva, M.T.B. da | |
| 100 | 1 | _aRuedell, J. | |
| 100 | 1 | _aSilva, M.N. da | |
| 100 | 1 | _aCaino, J.F. | |
| 111 | 1 |
_a11. Reuniao de Pesquisa de Soja da Regiao Sul _cSanta Maria, RS (Brazil) _d2-4 Aug 1983 |
|
| 245 | 1 | _aViabilidade pratica do uso do virus de poliedrose nuclear Baculovirus anticarsia no controle de Anticarsia gemmatalis em soja [Glycine max., lagarta] | |
| 260 | 3 |
_aCruz Alta, RS (Brasil): _c1983. |
|
| 500 | _aContribuicao do Centro de Experimentacao e Pesquisa a 11. Reuniao de Pesquisa de Soja da Regiao Sul Cruz Alta, RS (Brasil): 1983. p. 164-173 (BR8303777-AM)H10 | ||
| 650 | _aSOJA | ||
| 650 | _aLAGARTA | ||
| 650 | _aCONTROLE BIOLOGICO | ||
| 650 | _aINSETO PARA CONTROLE BIOLOGICO | ||
| 650 | _aVIRUS | ||
| 773 | 0 |
_tContribuicao do Centro de Experimentacao e Pesquisa a 11. Reuniao de Pesquisa de Soja da Regiao Sul _wH10 BR8303777 _gCruz Alta, RS (Brasil), 1983. p. 164-173 |
|
| 909 |
_a202404 _bLucia _c55 _dLucia Elande |
||
| 942 |
_cAM _2AGRIS |
||
| 999 |
_c316055 _d316055 |
||